| 000 | 01510nam a2200121Ia 4500 | ||
|---|---|---|---|
| 008 | 220620s9999||||xx |||||||||||||| ||und|| | ||
| 245 | 0 |
_aLow Energy Architecture and Low Carbon Cities _bExploring Links, Scales, and Environmental Impacts |
|
| 546 | _aEnglish[eng] | ||
| 650 | _alow-carbon city||evaluation index||standardization||entropy weight method||level||carbon emissions||spatial network||synergetic abatement||Beijing–Tianjin–Hebei urban agglomeration||SNA||building stock||survival analysis||lifetime distribution||system dynamics||low-carbon pilot initiative||policy effect evaluation||synthetic control method||method of simplified calculation||energy consumption of buildings||multifamily residential building||temperate climate||Latin America||carbon dioxide offsets||ART footprint tool||urban ecosystems||nature-based solutions||green infrastructure||window design||natural ventilation||indoor air quality||carbon dioxide (CO2) concentration||thermal comfort||adaptive comfort model||office building||the Mediterranean climate||city||post-disaster shelter||post-conflict shelter||transitional shelter||sustainable sheltering||emergency sheltering||refugees||GHG emissions||life cycle assessment||large space building||high-speed railway station||low carbon cities||low energy buildings||sustainability transitions||shelter||building lifetime||carbon flux | ||
| 700 | _aPomponi, Francesco||D’Amico, Bernardino | ||
| 856 | _uhttps://mdpi.com/books/pdfview/book/3175 | ||
| 942 | _cEB | ||
| 999 |
_c22363 _d22363 |
||